Central Library OPAC University of Rajshahi

Bioeconomics of aquaculture / (Record no. 67111)

MARC details
000 -LEADER
fixed length control field 00941nam a2200265 a 4500
001 - CONTROL NUMBER
control field 67111
003 - CONTROL NUMBER IDENTIFIER
rucl marc code BD-RjUL
005 - DATE AND TIME OF LATEST TRANSACTION
control field 20211209081621.0
008 - FIXED-LENGTH DATA ELEMENTS--GENERAL INFORMATION
fixed length control field 170322s1984 ne a b 001 0 eng
020 ## - INTERNATIONAL STANDARD BOOK NUMBER
International Standard Book Number 044442301X (U.S.) :
Terms of availability fl 180.00 (est.)
035 ## - SYSTEM CONTROL NUMBER
System control number (BD-RjUL)67242
040 ## - CATALOGING SOURCE
Original cataloging agency DLC
Transcribing agency DLC
Modifying agency BD-RjUL
Language of cataloging eng
041 ## - LANGUAGE CODE
Language code of text/sound track or separate title eng
082 00 - DEWEY DECIMAL CLASSIFICATION NUMBER
Classification number 639.3
Edition number 23
Author mark and year BIO 1984
245 10 - TITLE STATEMENT
Title Bioeconomics of aquaculture /
Statement of responsibility, etc. P. Geoffrey Allen ... [et al.].
260 ## - PUBLICATION, DISTRIBUTION, ETC. (IMPRINT)
Place of publication, distribution, etc. New York :
-- New York, N.Y. :
Name of publisher, distributor, etc. Distributors for the U.S. and Canada, Elsevier Science Pub. Co.,
Date of publication, distribution, etc. c1984.
300 ## - PHYSICAL DESCRIPTION
Pagination xvi, 351 p. :
Illustrations ill. ;
Size 25 cm.
500 ## - GENERAL NOTE
General note Includes indexes.
504 ## - BIBLIOGRAPHY, ETC. NOTE
Bibliography, etc Bibliography: p. 323-339.
650 #0 - SUBJECT ADDED ENTRY--TOPICAL TERM
Topical term or geographic name as entry element Aquaculture.
9 (RLIN) 198801
Topical term or geographic name as entry element Aquaculture
General subdivision Economic aspects.
9 (RLIN) 198802
700 1# - ADDED ENTRY--PERSONAL NAME
Personal name Allen, P. Geoffrey
Fuller form of name (Philip Geoffrey),
Dates associated with a name 1942-
942 ## - ADDED ENTRY ELEMENTS (KOHA)
Source of classification or shelving scheme Dewey Decimal Classification
Koha item type Books
Holdings
Lost status Source of classification or shelving scheme Damaged status Not for loan Collection code Permanent Location Current Location Shelving location Date acquired Source of acquisition Cost, normal purchase price Total Checkouts Full call number Date last seen Copy number Koha item type
  Dewey Decimal Classification   Not For Loan Non-fiction Central Library, University of Rajshahi Central Library, University of Rajshahi Reading Room 29/08/1984 A,B.C 780.00   639.3 BIO 1984 22/03/2017 C-1 Books